000 00339nam a2200133Ia 4500
008 240624s9999 xx 000 0 und d
041 _aeng
082 _a658.4012 AUN
100 _aAUNG U ZEYAR
245 _aMANAGERIAL STRATEGIES AND PRACTICE IN TH
260 _c2016
_aUSA
_bIGI Global
300 _axxi, 395 p.; 26 cm.
365 _c
_b38
999 _c30579
_d30579